Statistics for Element Trivia

Click here to take the quiz!

General Stats

  • This quiz has been taken 13 times
  • The average score is 4 of 10

Answer Stats

HintAnswer% Correct
How many noble gases are there?7
73%
What element has symbol W?Tungsten
73%
Which element with a 1 letter symbol has the highest atomic number?Uranium
64%
How many 1 letter element symbols are there?14
55%
What is element 118?Oganesson
45%
What is the last element to end with ium?Livermorium
36%
What is iron’s atomic number + magnesium’s?38
27%
What element contains the letters “lyb” consecutively?Molybdenum
27%
What is the 2nd halogen?Chlorine
18%
What is the longest element name?Rutherfordium
9%

Score Distribution

Percentile by Number Answered

Percent of People with Each Score

Your Score History

You have not taken this quiz